| 000 | 00820nam a2200229Ia 4500 | ||
|---|---|---|---|
| 003 | IIN | ||
| 005 | 20250328121430.0 | ||
| 008 | 250328s9999 xx adf 001 0 eng d | ||
| 020 |
_cRs.3695.00 _a9789389034998 |
||
| 040 |
_aIIN _bEng |
||
| 082 |
_a611 _bDEV |
||
| 245 | 1 |
_aInderbir Singh's Textbook of Anatomy _bwith Surface Anatomy, Dissection, Radiology Anatomy, Clinical Anatomy and Case Scenarios _cedited by V. Subhadra Devi |
|
| 250 | _a7th ed | ||
| 260 |
_bJaypee _aNew Delhi _c2022 |
||
| 300 |
_a534p. / V.1 _bcol. ill. |
||
| 500 | _aIncludes Index | ||
| 505 | _aVolume 1. - Contains Two Section: (Section 1) : Upper Limb (Section 2) : Thorax | ||
| 650 | 1 | _aAnatomy | |
| 650 | 1 | _aHuman Anatomy | |
| 700 | _aDevi, V. Subhadra (ed.) | ||
| 942 | _cBOOK | ||
| 999 |
_c1712 _d1712 |
||